Curso de redacción: teoría y práctica de la composición y del estilo

Sábháilte in:
Sonraí bibleagrafaíochta
Príomhchruthaitheoir: Martín Vivaldi, Gonzalo (autor)
Formáid: LEABHAR
Teanga:Spáinnis
Foilsithe / Cruthaithe: Madrid Paraninfo 1981
Sraith:Del Pensamiento a la Palabra
Ábhair:
Clibeanna: Cuir clib leis
Níl clibeanna ann, Bí ar an gcéad duine le clib a chur leis an taifead seo!

MARC

LEADER 00000nam a2200000 a 4500
001 UCX1017
003 CL-VaPUC
008 900516e19810000SP |||||||||||||||||spa|d
082 0 4 |a 415  |b MAR  |2 21 
100 |a Martín Vivaldi, Gonzalo  |e autor  |9 545898 
245 1 0 |a Curso de redacción: teoría y práctica de la composición y del estilo 
300 |a 495 p 
942 |c BK 
945 |d 19900516 00:00:00 
260 |a Madrid  |b Paraninfo  |c 1981 
650 0 |a Estilo literario  |9 316417 
650 0 |a Arte de escribir  |9 316418 
650 0 |a Gramática comparada y general  |9 313380 
650 7 |a ESPAÑOL TECNICO  |2 CL-VaPUC  |9 316419 
583 |a last modification  |c 19900516 00:00:00  |k Rodrigo Vera 
490 0 |a Del Pensamiento a la Palabra 
999 |c 222369  |d 222367 
952 |0 0  |1 0  |4 0  |6 415_000000000000000_MAR_1981  |7 0  |8 A  |9 216995  |a BIBCUR  |b BIBCUR  |d 2019-11-15  |i 3153940  |l 1  |o 415 MAR 1981  |p 3153940  |r 2025-04-22  |s 2024-05-29  |w 2019-11-15  |y BK  |k PER